000 00587nam a2200229 a 4500
001 2897922
005 20180205072455.0
008 870623s1988 maua b 001 0 eng
010 _a 87081817
020 _a0669092231
040 _aDLC
_cDLC
_dDLC
041 _aeng
080 _a658 KIN
082 0 0 _a658 KIN
_219
100 1 _a54
101 _aMEN
245 1 0 _aManagement /
_cJerry Kinard.
504 _aBibliography: p. A1-A25.
906 _a7
_bcbc
_corignew
_d2
_eopcn
_f19
_gy-gencatlg
942 _2ddc
_cBK
999 _c41765
_d41765